000 00371nam a22001577a 4500
003 MPLRDC
005 20220104123950.0
008 210129b ||||| |||| 00| 0 eng d
082 _a527.4 ZLD
100 _a宗亮东编著
245 _a辅导概论
_c
260 _a
_b台湾书店
_c1970
300 _b
650 _a学校管理--辅导
942 _cBK
_o527.4 ZLD
999 _c15581
_d15571